| Tag |
First Indicator |
Second Indicator |
Subfields |
| LEADER |
00000cam a2200000 i 4500 |
| 001 |
in00000043973 |
| 005 |
20151007065042.0 |
| 008 |
800527s1971 txu b 00010 eng d |
| 035 |
|
|
|a (OCoLC)06360004
|
| 035 |
|
|
|9 AAE1186AM
|
| 040 |
|
|
|a TXA
|c TXA
|d UtOrBLW
|
| 043 |
|
|
|a n-us-tx
|
| 049 |
|
|
|a TXAM
|c [1558627]
|
| 090 |
|
|
|a LB1779
|b .T38
|
| 110 |
2 |
|
|a Texas State Teachers Association.
|
| 245 |
1 |
0 |
|a Promoting teacher ethics in Texas /
|c Texas State Teachers Association.
|
| 264 |
|
1 |
|a Austin :
|b The Association,
|c [1971?]
|
| 300 |
|
|
|a 31 pages ;
|c 23 cm.
|
| 336 |
|
|
|a text
|b txt
|2 rdacontent
|
| 337 |
|
|
|a unmediated
|b n
|2 rdamedia
|
| 338 |
|
|
|a volume
|b nc
|2 rdacarrier
|
| 500 |
|
|
|a Cover title.
|
| 500 |
|
|
|a "Bulletin number 41171."
|
| 500 |
|
|
|a On back cover: Code of ethics.
|
| 650 |
|
0 |
|a Teachers
|x Professional ethics
|z Texas.
|
| 650 |
|
0 |
|a Teachers
|z Texas.
|
| 999 |
|
|
|a MARS
|
| 999 |
f |
f |
|s 04a0cf36-347c-36a5-889c-58073e917574
|i 06d9ffe8-2e83-368d-b0cd-bebc278ef7a2
|t 0
|
| 952 |
f |
f |
|p normal
|a Texas A&M University
|b College Station
|c Sterling C. Evans Library
|d Evans: Library Stacks
|t 0
|e LB1779 .T38
|h Library of Congress classification
|i unmediated -- volume
|m A14803276013
|
| 998 |
f |
f |
|a LB1779 .T38
|t 0
|l Evans: Library Stacks
|